000 01237nam a2200337 i 4500
001 179736
003 ES-MaACL
005 20250721063447.0
008 120113s2008 sp |||| |bspa d
020 _a978-84-96717-95-4
080 _a94(4)"1648/1715"
080 _a94(460)"1665/1746"
080 _a929 Luis (44) XIV
100 1 _aBernardo Ares, José Manuel de,
_d1945-
_928291
245 1 0 _aLuis XIV rey de España
_b: de los imperios plurinacionales a los estados unitarios (1665-1714) /
_cJosé Manuel de Bernardo Ares ; prólogo de Lucien Bély.
250 _a1ª ed.
260 _aMadrid :
_bIustel,
_c2008.
300 _a491 p. ;
_c25 cm.
500 _aCronología.
500 _aÍndices.
504 _aBibliografía: p. [391]-429.
600 0 4 _aLuis
_bXIV,
_cRey de Francia
_974697
651 7 _aEuropa-
_xHistoria-
_y1648-1789.
_98602
651 7 _aEspaña-
_xHistoria-
_y1665-1700, Carlos II.
_98236
651 7 _aEspaña-
_xHistoria-
_y1700-1746, Felipe V.
_98237
700 1 _aBély, Lucien.
_9149071
852 _aES-MaACL
_jA-11839
_9186636
_bR.146725
_cDEPO1
_dOlim: N-4844
903 _aBernardo Ares, José Manuel de,
_d1945-
_ednr
_928291
942 _2udc
_cMONOGRAFIA
999 _c179736
_d179736